How to teach maths : understanding learners needs

Saved in:
Bibliographic Details
Main Author: CHINN, Steve
Format: Book
Language:English
Published: Routledge 2021
Tags: Add Tag
No Tags, Be the first to tag this record!

MARC

LEADER 00000nam a22000007a 4500
008 240826b |||||||| |||| 00| 0 eng d
020 |a 9780367862718 
100 |a CHINN, Steve 
245 |a How to teach maths  |b : understanding learners needs  |c / Steve Chinn  |g vi,157p;ill 
260 |b Routledge  |c 2021  |h New York  |i 702217  |i 702218  |l QA11.2.C43  |m Mathematics-Study and teaching 
500 |a it includes index 
942 |a lcc  |c BK  |e Johnson  |f 28/08/24 
952 |0 0  |1 0  |2 lcc  |4 0  |6 QA00112 C43  |7 0  |9 5512  |a HOL  |b HOL  |c QZ  |d 2024-08-26  |l 0  |o QA11.2.C43  |p 2024-0752  |r 2024-08-26 00:00:00  |t 7022177  |w 2024-08-26  |y BK 
952 |0 0  |1 0  |2 lcc  |4 0  |6 QA00112 C43  |7 0  |9 5513  |a HOL  |b HOL  |c QZ  |d 2024-08-26  |l 0  |o QA11.2.C43  |p 2024-0753  |r 2024-08-26 00:00:00  |t 7022178  |w 2024-08-26  |y BK 
999 |c 2722  |d 2722